Manejo de personal y relaciones industriales
Salvato in:
| Autore principale: | |
|---|---|
| Natura: | Libro |
| Lingua: | spagnolo |
| Pubblicazione: |
Ciudad de México
Continental
1976
|
| Soggetti: | |
| Tags: |
Aggiungi Tag
Nessun Tag, puoi essere il primo ad aggiungerne!!
|
MARC
| LEADER | 00000nam a2200000 a 4500 | ||
|---|---|---|---|
| 001 | UCR9384 | ||
| 003 | CL-VaPUC | ||
| 008 | 980613e19760000MX |||||||||||||||||spa|d | ||
| 082 | 0 | 4 | |a 658.3 |b YOD |2 21 |
| 100 | 0 | |a Yoder, Dale |e author |9 411861 | |
| 245 | 1 | 0 | |a Manejo de personal y relaciones industriales |
| 300 | |a 804 p | ||
| 942 | |c BK | ||
| 945 | |d 19980613 00:00:00 |a crobeson | ||
| 260 | |a Ciudad de México |b Continental |c 1976 | ||
| 650 | 0 | |a Administración del personal |9 260442 | |
| 650 | 0 | |a Relaciones laborales |9 335971 | |
| 650 | 7 | |a DIRECTORES DE PERSONAL |2 CL-VaPUC |9 365394 | |
| 650 | 7 | |a MANO DE OBRA |2 CL-VaPUC |9 315053 | |
| 650 | 7 | |a EVALUACION DEL TRABAJO |2 CL-VaPUC |9 318029 | |
| 650 | 7 | |a PSICOLOGIA DEL TRABAJO |2 CL-VaPUC |9 324586 | |
| 650 | 7 | |a RECLUTAMIENTO |2 CL-VaPUC |9 365395 | |
| 650 | 7 | |a INCENTIVOS |2 CL-VaPUC |9 339070 | |
| 650 | 0 | |a Condiciones de trabajo |9 359118 | |
| 583 | |a last modification |c 20160929 08:13:08 |k Rodrigo Vera | ||
| 999 | |c 270582 |d 270580 | ||
| 952 | |0 0 |1 0 |4 0 |6 658_300000000000000_YOD_1976 |7 0 |8 A |9 304915 |a BIBGIM |b BIBGIM |d 2019-11-20 |i 1411691 |o 658.3 YOD 1976 |p 1411691 |r 2025-01-15 |w 2019-11-20 |y BK |k SSL | ||
| 952 | |0 0 |1 0 |4 0 |6 658_300000000000000_YOD_1976 |7 0 |8 A |9 304916 |a BIBENE |b BIBENE |d 2019-11-20 |i 141304K |o 658.3 YOD 1976 |p 141304K |r 2025-01-15 |w 2019-11-20 |y BK |k ICO | ||